000 00401nam a2200145Ia 4500
008 100204s9999 xx 000 0 und d
082 _b9848
100 _aगस्ती भीमराव
245 _aबेरड
260 _b"पारख प्रकाशन , बेळगांव"
_c1987
300 _a330
630 _aबेरड
730 _aबेरड
942 _cBOOK
999 _c454284
_d454281